Eastern Utah Libraries Catalog: Duchesne, Heber, Roosevelt, & Vernal

How does voice recognition work? / (Record no. 283622)

MARC details
000 -LEADER
fixed length control field 02117nam a2200421 a 4500
001 - CONTROL NUMBER
control field mlg40026227
003 - CONTROL NUMBER IDENTIFIER
control field KyBuM
005 - DATE AND TIME OF LATEST TRANSACTION
control field 20200320192335.0
008 - FIXED-LENGTH DATA ELEMENTS--GENERAL INFORMATION
fixed length control field 140212s2014 nyua j b 001 0 eng d
020 ## - INTERNATIONAL STANDARD BOOK NUMBER
International Standard Book Number 9781482403954 (lib.)
020 ## - INTERNATIONAL STANDARD BOOK NUMBER
International Standard Book Number 9781482403961 (pbk.)
040 ## - CATALOGING SOURCE
Original cataloging agency KyBuM
Transcribing agency KyBuM
082 14 - DEWEY DECIMAL CLASSIFICATION NUMBER
Classification number 006.4
Edition number 15
082 04 - DEWEY DECIMAL CLASSIFICATION NUMBER
Classification number 006.4/54
Edition number 23
100 1# - MAIN ENTRY--PERSONAL NAME
Personal name Anniss, Matt.
9 (RLIN) 5875009
245 10 - TITLE STATEMENT
Title How does voice recognition work? /
Statement of responsibility, etc Matt Anniss.
250 ## - EDITION STATEMENT
Edition statement 1st ed.
260 ## - PUBLICATION, DISTRIBUTION, ETC. (IMPRINT)
Place of publication, distribution, etc New York :
Name of publisher, distributor, etc Gareth Stevens Pub.,
Date of publication, distribution, etc 2014.
300 ## - PHYSICAL DESCRIPTION
Extent 48 p. :
Other physical details ill. (chiefly col.) ;
Dimensions 28 cm.
490 0# - SERIES STATEMENT
Series statement High-tech science
500 ## - GENERAL NOTE
General note Includes glossary.
504 ## - BIBLIOGRAPHY, ETC. NOTE
Bibliography, etc Includes bibliographical references (p. 47) and index.
505 0# - FORMATTED CONTENTS NOTE
Formatted contents note How does voice recognition work? - Voice recognition through time - Voice recognition systems today - Voice recognition systems in action - The future of voice recognition.
520 ## - SUMMARY, ETC.
Summary, etc "In the past, secretaries and assistants were in charge of taking dictation from their bosses to write letters, memos, and other documents. With the advent of speech recognition software, this practice is hardly done anymore! Including interesting history and development of the latest voice technology, the main content will introduce readers to this fascinating software that allows jet pilots to speak to their planes, smartphone users to make a hands-free call, and automated phone systems to give bank account information. Colorful photographs will draw readers into hi-tech information while opening their imaginations to future possibilities"--Provided by the publisher.
521 2# - TARGET AUDIENCE NOTE
Target audience note 4-8
Source Medialog, Inc.
521 0# - TARGET AUDIENCE NOTE
Target audience note 4-5.
521 1# - TARGET AUDIENCE NOTE
Target audience note 9-11.
521 2# - TARGET AUDIENCE NOTE
Target audience note 4-6.
521 8# - TARGET AUDIENCE NOTE
Target audience note DRA: 44.
521 8# - TARGET AUDIENCE NOTE
Target audience note EI: 30.
521 8# - TARGET AUDIENCE NOTE
Target audience note V
Source Guided Reading Level.
650 #7 - SUBJECT ADDED ENTRY--TOPICAL TERM
Topical term or geographic name as entry element Automatic speech recognition.
Source of heading or term sears
9 (RLIN) 79796
650 #7 - SUBJECT ADDED ENTRY--TOPICAL TERM
Topical term or geographic name as entry element Computer sound processing.
Source of heading or term sears
9 (RLIN) 81876
942 ## - ADDED ENTRY ELEMENTS (KOHA)
Koha item type BOOK
948 ## - LOCAL PROCESSING INFORMATION (OCLC); SERIES PART DESIGNATOR (RLIN)
Series part designator, SPT (RLIN) 04/28/2014
z (OCLC) Sirsi
996 ## -
-- 108972
-- 34301001290107
-- JNF
-- bk
-- wcl
-- i
-- 5
-- 23.95
-- bookfarm
-- 006.4 Ann
-- 05/06/2014
-- 03/30/2019
-- 03/22/2019
Holdings
Withdrawn status Lost status Source of classification or shelving scheme Damaged status Not for loan Collection code Home library Current library Shelving location Date acquired Cost, normal purchase price Total Checkouts Total Renewals Full call number Barcode Date last seen Date checked out Cost, replacement price Price effective from Koha item type
    Dewey Decimal Classification     Junior NonFiction Wasatch County Library Wasatch County Library Second Floor 05/06/2014 23.95 6 1 J 006.4 Ann 34301001290107 12/26/2025 02/09/2024 23.95 03/20/2020 BOOK
This project was made possible through a grant from the Institute of Museum and Library Service administered by the Utah State Library Division.

Wasatch County Library

  • 465 East 1200 South, Heber City, Utah 84032
  • Phone 435-654-1511 | Fax 435-654-6456

Hours

  • Monday - Friday 9:30 AM - 8:00 PM
  • Saturday 9:30 AM - 1:30 PM
  • Closed Sundays and Holidays